[Event "ICS rated bullet match"]
[Site "204.178.125.65"]
[Date "2000.11.14"]
[Round "?"]
[White "Hossa"]
[Black "spenge"]
[Result "1-0"]
[WhiteElo "2385"]
[BlackElo "2208"]
[PlyCount "23"]
[EventDate "2000.??.??"]

1. d4 d5 2. Nf3 c6 3. c4 Nf6 4. Nc3 e6 5. e3 Bd7 6. Qb3 Be7 7. Qxb7 O-O 8. Qxa8
a5 9. Qa7 Qc7 10. Qxc7 h5 11. Qxa5 g6 12. Ne5 {spenge resigns} 1-0

[Event "ICS rated bullet match"]
[Site "204.178.125.65"]
[Date "2000.11.14"]
[Round "?"]
[White "spenge"]
[Black "Hossa"]
[Result "0-1"]
[WhiteElo "2200"]
[BlackElo "2393"]
[PlyCount "76"]
[EventDate "2000.??.??"]

1. c3 c5 2. g3 Nf6 3. Bg2 d5 4. d3 e5 5. e3 Bd6 6. Ne2 O-O 7. h3 Nc6 8. b3 Bf5
9. Bb2 Qc7 10. O-O Qd7 11. Kh2 Bc7 12. Na3 e4 13. dxe4 Bxe4 14. Bxe4 Nxe4 15.
Nc2 Qf5 16. Ng1 Be5 17. Qf3 Qg6 18. Rac1 Nd2 19. Qe2 Nxf1+ 20. Qxf1 Qf6 21. Qg2
Ne7 22. Ne1 Qa6 23. Nef3 Qxa2 24. Nxe5 Qxb2 25. Rf1 Rfd8 26. Qf3 f6 27. Ng4
Qxc3 28. Qf4 Ng6 29. Qf5 Qb2 30. Qe6+ Kh8 31. Nf3 h5 32. Qf5 hxg4 33. Qxg6 gxf3
34. Qh5+ Kg8 35. Qxf3 Qxb3 36. h4 Qc2 37. Qg4 Rd6 38. Qf4 Rc6 {spenge resigns}
0-1

[Event "ICS rated blitz match"]
[Site "204.178.125.65"]
[Date "2000.11.14"]
[Round "?"]
[White "Hossa"]
[Black "QueenMaxima"]
[Result "1-0"]
[WhiteElo "2613"]
[BlackElo "2621"]
[PlyCount "83"]
[EventDate "2000.??.??"]

1. d4 e6 2. Nc3 d5 3. e4 Bb4 4. Nge2 dxe4 5. a3 Bxc3+ 6. Nxc3 Nc6 7. d5 exd5 8.
Qxd5 Be6 9. Qxd8+ Rxd8 10. Bg5 f6 11. Bf4 Nge7 12. Bxc7 Rd7 13. Bf4 Nd5 14.
Nxd5 Rxd5 15. Bc4 Rf5 16. Bxe6 Rxf4 17. g3 Nd4 18. gxf4 Nxe6 19. f5 Ng5 20.
O-O-O Nf3 21. Rd6 O-O 22. Rd7 Rf7 23. Rhd1 b6 24. Rxf7 Kxf7 25. Rd7+ Kf8 26.
Rxa7 Nxh2 27. Rb7 Ng4 28. Rxb6 Nxf2 29. a4 Nh3 30. a5 Nf4 31. a6 Nd5 32. Rb7
Nb6 33. Rxb6 Kg8 34. a7 h5 35. Rb8+ Kh7 36. a8=Q Kh6 37. Rh8+ Kg5 38. Qxe4 g6
39. Rg8 Kh6 40. Rxg6+ Kh7 41. Qe7+ Kh8 42. Qg7# {QueenMaxima checkmated} 1-0

[Event "ICS rated blitz match"]
[Site "204.178.125.65"]
[Date "2000.11.14"]
[Round "?"]
[White "PostModernist"]
[Black "Hossa"]
[Result "1/2-1/2"]
[WhiteElo "2654"]
[BlackElo "2629"]
[PlyCount "114"]
[EventDate "2000.??.??"]

1. e4 e5 2. Bc4 Nf6 3. d3 c6 4. Nf3 d5 5. Bb3 Bg4 6. h3 Bxf3 7. Qxf3 Bc5 8.
exd5 Nxd5 9. Nc3 Nf6 10. Qg3 O-O 11. Bd2 Bd4 12. O-O Kh8 13. Rfe1 Nbd7 14. a4
Nb6 15. a5 Nbd7 16. Reb1 Nc5 17. Bc4 e4 18. Re1 exd3 19. cxd3 Qd7 20. b4 Ne6
21. a6 Rfe8 22. Bxe6 Rxe6 23. Rxe6 fxe6 24. axb7 Qxb7 25. Ra4 Rf8 26. Be3 Qd7
27. Bxd4 Qxd4 28. Ne2 Qd7 29. Qe3 Rf7 30. Nc3 Kg8 31. Ne4 Nd5 32. Qd4 Qe7 33.
Qe5 Nf4 34. d4 Nd3 35. Qb8+ Rf8 36. Rxa7 Rxb8 37. Rxe7 Nf4 38. Ng5 h6 39. Nxe6
Nxe6 40. Rxe6 Rxb4 41. Rxc6 Rxd4 42. g3 Kf7 43. f4 Rd2 44. f5 h5 45. g4 hxg4
46. hxg4 Rd4 47. Rg6 Rd2 48. Kf1 Rc2 49. Ke1 Rg2 50. Kd1 Rh2 51. Kc1 Rh6 52.
Rxh6 gxh6 53. Kd2 Kf6 54. Kd3 h5 55. gxh5 Kxf5 56. h6 Kg6 57. h7 Kxh7 {
Game drawn because neither player has mating material} 1/2-1/2

[Event "ICS rated standard match"]
[Site "204.178.125.65"]
[Date "2000.11.14"]
[Round "?"]
[White "Hossa"]
[Black "DiepBlue"]
[Result "0-1"]
[WhiteElo "2265"]
[BlackElo "2438"]
[PlyCount "178"]
[EventDate "2000.??.??"]

1. d4 Nf6 2. c4 e6 3. Nf3 b6 4. g3 Bb7 5. Bg2 Be7 6. O-O O-O 7. Nc3 Ne4 8. Nxe4
Bxe4 9. Ne1 Bxg2 10. Nxg2 d5 11. Qa4 dxc4 12. Qxc4 c5 13. Be3 cxd4 14. Bxd4 Qc8
15. Rac1 Qxc4 16. Rxc4 Rd8 17. Bc3 Nd7 18. Ne3 Nc5 19. Rc1 Rd7 20. b4 Na4 21.
Be1 b5 22. Rc8+ Rxc8 23. Rxc8+ Bd8 24. g4 f6 25. Rc6 Kf7 26. Kg2 Bb6 27. Nc2
Rd1 28. Rc8 Ke7 29. g5 fxg5 30. Kf3 Kd7 31. Rh8 Rc1 32. Rxh7 g4+ 33. Kxg4 Rxc2
34. Rxg7+ Kd6 35. Kf3 Rxa2 36. Rg5 a6 37. h4 Bd8 38. Rg4 Ra3+ 39. e3 Bf6 40. h5
Ra1 41. Bd2 Rd1 42. Rg6 Ke7 43. Ke2 Rh1 44. Rg8 Rxh5 45. Ra8 Nc3+ 46. Kf3 Rf5+
47. Kg2 Ne4 48. Ra7+ Kd8 49. Be1 Bh4 50. Rxa6 Bxf2 51. Rxe6 Ng5 52. Rd6+ Kc7
53. Rd1 Bxe3 54. Rd3 Bf4 55. Kf2 Bd6+ 56. Ke2 Ne6 57. Rd1 Nf4+ 58. Kf3 Nd5+ 59.
Ke4 Re5+ 60. Kd4 Rh5 61. Rc1+ Kd7 62. Rb1 Ke6 63. Rb3 Rh1 64. Bf2 Bc7 65. Rf3
Rf1 66. Ke4 Nf6+ 67. Rxf6+ Kxf6 68. Ba7 Bd6 69. Kd5 Bxb4 70. Ke4 Bc3 71. Bb6 b4
72. Ba5 b3 73. Bxc3+ Ke6 74. Ke3 Kd5 75. Bh8 Rh1 76. Bf6 Rh2 77. Kf3 b2 78.
Bxb2 Rxb2 79. Kf4 Re2 80. Kg4 Ke5 81. Kf3 Re4 82. Kg3 Rf4 83. Kh3 Kf5 84. Kg3
Kg5 85. Kh3 Rg4 86. Kh2 Kh4 87. Kh1 Kg3 88. Kg1 Rf4 89. Kh1 Rf1# {
Hossa checkmated} 0-1

[Event "ICS rated bullet match"]
[Site "204.178.125.65"]
[Date "2000.11.14"]
[Round "?"]
[White "Durandal"]
[Black "Hossa"]
[Result "0-1"]
[WhiteElo "2068"]
[BlackElo "2401"]
[PlyCount "66"]
[EventDate "2000.??.??"]

1. e4 e5 2. Nf3 Nc6 3. d4 exd4 4. Nxd4 Bc5 5. Nxc6 Qf6 6. Qd2 dxc6 7. Qf4 Be6
8. Qxf6 Nxf6 9. Nc3 Ng4 10. Bd2 Nxf2 11. Rg1 O-O-O 12. Na4 Nd3+ 13. Bxd3 Bxg1
14. Bf4 b5 15. Nc3 Bd4 16. Ne2 Bxb2 17. Rb1 Ba3 18. Nc3 a5 19. Be5 f6 20. Bf4
Bb4 21. Kd2 Bxc3+ 22. Kxc3 g5 23. Bg3 h5 24. h3 h4 25. Bf2 g4 26. hxg4 Bxa2 27.
Ra1 Be6 28. Rxa5 Bxg4 29. Ra8+ Kd7 30. Ra1 Rh5 31. e5 fxe5 32. Bd4 exd4+ 33.
Kxd4 Kd6 {Durandal resigns} 0-1

[Event "ICS rated blitz match"]
[Site "204.178.125.65"]
[Date "2000.11.14"]
[Round "?"]
[White "Hossa"]
[Black "sekere"]
[Result "1-0"]
[WhiteElo "2630"]
[BlackElo "2273"]
[PlyCount "79"]
[EventDate "2000.??.??"]

1. d4 d5 2. Nf3 Nf6 3. Bf4 c6 4. e3 Nbd7 5. Bd3 e6 6. Nbd2 Be7 7. h3 O-O 8. c3
Re8 9. Qc2 h6 10. g4 Nf8 11. Ne5 Bd6 12. O-O-O Bxe5 13. Bxe5 N6d7 14. Bg3 Qe7
15. Nf3 c5 16. Bh4 Qd6 17. Kb1 c4 18. Be2 b5 19. Bg3 Qe7 20. Qd2 a5 21. Bh4 Qd6
22. Bg3 Qe7 23. Ne5 Nxe5 24. Bxe5 b4 25. h4 Ng6 26. Bg3 Bd7 27. h5 Nf8 28. Bh4
Qd6 29. Qc2 b3 30. axb3 cxb3 31. Qxb3 Reb8 32. Qa2 Qc6 33. Be7 a4 34. Qa3 Nh7
35. Rd2 Rb3 36. Qd6 a3 37. Qxc6 Bxc6 38. Bxa3 Raxa3 39. Kc2 Ba4 40. bxa3 {
sekere resigns} 1-0

[Event "ICS rated blitz match"]
[Site "204.178.125.65"]
[Date "2000.11.14"]
[Round "?"]
[White "Hossa"]
[Black "tatatu"]
[Result "1-0"]
[WhiteElo "2634"]
[BlackElo "2044"]
[PlyCount "87"]
[EventDate "2000.??.??"]

1. d4 Nf6 2. Bg5 Ne4 3. h4 c5 4. Bf4 Qb6 5. Nc3 Nxc3 6. bxc3 cxd4 7. cxd4 d5 8.
Nf3 Nc6 9. e3 Bg4 10. Rb1 Qa5+ 11. c3 Qxc3+ 12. Qd2 Qxd2+ 13. Nxd2 b6 14. Rc1
Bd7 15. Rg1 e6 16. Rc3 Bb4 17. Rc2 Ke7 18. Ba6 Na5 19. g4 Nc4 20. Bxc4 dxc4 21.
Rxc4 a5 22. Rc7 Rhc8 23. Ke2 Rxc7 24. Bxc7 Rc8 25. Bxb6 Rc2 26. Bc5+ Bxc5 27.
dxc5 Bb5+ 28. Kd1 Rxa2 29. Kc1 Bd3 30. Rg3 Rc2+ 31. Kd1 Rxc5 32. e4 Bc2+ 33.
Ke2 a4 34. Ra3 e5 35. Ke3 f6 36. g5 Kd6 37. f4 Kc6 38. fxe5 fxe5 39. Ke2 Kb5
40. Rf3 Kb4 41. Rf7 Ra5 42. Rb7+ Kc5 43. Rc7+ Kd4 44. Rc4# {tatatu checkmated}
1-0

[Event "ICS rated bullet match"]
[Site "204.178.125.65"]
[Date "2000.11.14"]
[Round "?"]
[White "vocecita"]
[Black "Hossa"]
[Result "0-1"]
[WhiteElo "2143"]
[BlackElo "2405"]
[PlyCount "48"]
[EventDate "2000.??.??"]

1. d4 Nf6 2. c4 e6 3. Nc3 Bb4 4. e3 Bxc3+ 5. bxc3 c5 6. Bd3 d6 7. Ne2 Nc6 8. e4
O-O 9. Bg5 cxd4 10. cxd4 e5 11. d5 Nb4 12. O-O h6 13. Bh4 Bd7 14. f4 exf4 15.
Nxf4 g5 16. Nh5 Nxh5 17. Qxh5 gxh4 18. Qxh6 Nxd3 19. Rf6 Qb6+ 20. Kf1 Rfe8 21.
Ke2 Rxe4+ 22. Kxd3 Qd4+ 23. Kc2 Re2+ 24. Kb3 Qb2# {vocecita checkmated} 0-1

[Event "ICS rated bullet match"]
[Site "204.178.125.65"]
[Date "2000.11.14"]
[Round "?"]
[White "Hossa"]
[Black "vocecita"]
[Result "1-0"]
[WhiteElo "2411"]
[BlackElo "2137"]
[PlyCount "61"]
[EventDate "2000.??.??"]

1. d4 Nf6 2. Bg5 c5 3. dxc5 Qa5+ 4. Nd2 Qxc5 5. Ngf3 Nc6 6. Nb3 Qb6 7. e3 d6 8.
Bd3 e6 9. Bxf6 gxf6 10. O-O h5 11. c3 h4 12. h3 a6 13. Qc2 Qc7 14. c4 b6 15.
Be4 Bb7 16. Qc3 Bg7 17. Nbd4 Kf8 18. Bxc6 Bxc6 19. Nxc6 Qxc6 20. Rfd1 f5 21.
Nd4 Qb7 22. Qb4 Rd8 23. c5 dxc5 24. Qa3 Rg8 25. Nxe6+ fxe6 26. Rxd8+ Kf7 27.
Rxg8 Kxg8 28. Qb3 Kf7 29. Rd1 Ke7 30. Qd3 b5 31. Qd8+ {vocecita resigns} 1-0

[Event "ICS rated bullet match"]
[Site "204.178.125.65"]
[Date "2000.11.14"]
[Round "?"]
[White "vocecita"]
[Black "Hossa"]
[Result "0-1"]
[WhiteElo "2132"]
[BlackElo "2416"]
[PlyCount "42"]
[EventDate "2000.??.??"]

1. d4 Nf6 2. c4 e6 3. Nc3 Bb4 4. e3 Bxc3+ 5. bxc3 c5 6. Bd3 d6 7. Ne2 Nc6 8.
O-O e5 9. d5 e4 10. Bb1 Na5 11. Ng3 Bg4 12. Qa4+ Bd7 13. Qc2 Nxc4 14. Nxe4 Nxe4
15. Qxe4+ Ne5 16. f4 f5 17. Qc2 Ng4 18. e4 O-O 19. c4 fxe4 20. Bb2 Qh4 21. g3
Qh3 {vocecita resigns} 0-1

[Event "ICS rated bullet match"]
[Site "204.178.125.65"]
[Date "2000.11.14"]
[Round "?"]
[White "Hossa"]
[Black "vocecita"]
[Result "1-0"]
[WhiteElo "2421"]
[BlackElo "2127"]
[PlyCount "61"]
[EventDate "2000.??.??"]

1. d4 Nf6 2. Bg5 c5 3. dxc5 Qa5+ 4. Nd2 Qxc5 5. Ngf3 Nc6 6. Nb3 Qb6 7. e3 d6 8.
Bd3 e6 9. Bxf6 gxf6 10. O-O a6 11. c3 Qc7 12. Qc2 f5 13. Rad1 h5 14. Nbd4 Bd7
15. Nxc6 Bxc6 16. Nd4 Rg8 17. Nxc6 bxc6 18. Qe2 h4 19. Bxa6 Be7 20. Rd2 d5 21.
Ra1 Bd6 22. h3 Ke7 23. Bd3 Rg5 24. f4 Rg3 25. Qh5 Rag8 26. Qxh4+ Ke8 27. Re2
Bc5 28. Kh2 Bxe3 29. Rf1 Qa7 30. Qxg3 Rxg3 31. Kxg3 {vocecita resigns} 1-0

[Event "ICS rated bullet match"]
[Site "204.178.125.65"]
[Date "2000.11.14"]
[Round "?"]
[White "vocecita"]
[Black "Hossa"]
[Result "0-1"]
[WhiteElo "2122"]
[BlackElo "2426"]
[PlyCount "30"]
[EventDate "2000.??.??"]

1. d4 Nf6 2. c4 e6 3. Nc3 Bb4 4. e3 Bxc3+ 5. bxc3 c5 6. f3 d5 7. cxd5 Nxd5 8.
Bd2 cxd4 9. cxd4 Nc6 10. Rc1 O-O 11. Bd3 Ncb4 12. Bb1 Qg5 13. Kf2 Rd8 14. Nh3
Qh4+ 15. g3 Qxh3 {vocecita resigns} 0-1

[Event "ICS rated bullet match"]
[Site "204.178.125.65"]
[Date "2000.11.14"]
[Round "?"]
[White "Hossa"]
[Black "vocecita"]
[Result "1/2-1/2"]
[WhiteElo "2431"]
[BlackElo "2117"]
[PlyCount "103"]
[EventDate "2000.??.??"]

1. e4 c5 2. Nf3 d6 3. d4 cxd4 4. Nxd4 Nf6 5. Nc3 a6 6. a4 e6 7. Be2 Qc7 8. O-O
Nbd7 9. f4 Be7 10. f5 e5 11. Nb3 b6 12. Bg5 Bb7 13. Qd3 O-O 14. a5 b5 15. Bf3
Rfd8 16. Qe2 Rac8 17. Rfc1 d5 18. exd5 Bb4 19. Nd1 e4 20. Bxe4 Re8 21. Bxf6
Nxf6 22. c3 Rxe4 23. Qd3 Bc5+ 24. Nxc5 Qxc5+ 25. Nf2 Rce8 26. b4 Qa7 27. d6 Re2
28. Qd4 Qxd4 29. cxd4 Ng4 30. d7 Rd8 31. Rc8 Bxc8 32. dxc8=Q Rxc8 33. Nxg4 Rcc2
34. g3 h5 35. Ne5 Rg2+ 36. Kf1 Rcf2+ 37. Ke1 Re2+ 38. Kf1 Ref2+ 39. Ke1 Re2+
40. Kf1 Rgf2+ 41. Kg1 Rg2+ 42. Kf1 Rxh2 43. Rd1 Ref2+ 44. Kg1 Rfg2+ 45. Kf1
Rf2+ 46. Kg1 Rfg2+ 47. Kf1 Rf2+ 48. Kg1 Rfg2+ 49. Kf1 Rf2+ 50. Kg1 Rfg2+ 51.
Kf1 Rf2+ 52. Kg1 {Game drawn by repetition} 1/2-1/2

[Event "ICS rated blitz match"]
[Site "204.178.125.65"]
[Date "2000.11.14"]
[Round "?"]
[White "Pi"]
[Black "Hossa"]
[Result "1-0"]
[WhiteElo "2720"]
[BlackElo "2635"]
[PlyCount "131"]
[EventDate "2000.??.??"]

1. e4 e5 2. f4 exf4 3. Nf3 d5 4. exd5 Qxd5 5. Nc3 Qe6+ 6. Kf2 Bd7 7. d4 Bd6 8.
Bb5 Ne7 9. Re1 Qg4 10. Bxd7+ Nxd7 11. Nb5 Kd8 12. Kg1 Nc6 13. Qd3 Kc8 14. Qe4
Nf6 15. Qd3 Nd5 16. c4 Ndb4 17. Qb1 Kb8 18. Bd2 Qd7 19. a3 Na6 20. Nxd6 Qxd6
21. Qe4 g5 22. Nxg5 Nc5 23. Qxf4 Qxf4 24. Bxf4 Nd3 25. Nxf7 Nxe1 26. Nxh8 Nd3
27. d5 Na5 28. Rf1 b6 29. Rf3 Nxb2 30. Rh3 h5 31. Rxh5 Nd3 32. Bg3 Nxc4 33. Rh7
Nxa3 34. d6 Nc5 35. Rxc7 Nb5 36. d7 Nxd7 37. Rxd7+ Kc8 38. Rg7 a5 39. Nf7 Kb7
40. Ne5+ Ka6 41. Rg6 Nd4 42. Nd7 Kb5 43. Rxb6+ Kc4 44. Be5 Ra7 45. Rd6 Nb3 46.
Bb2 a4 47. Ne5+ Kb5 48. Ba3 Ra8 49. h4 Rc8 50. h5 Re8 51. Nd7 Rh8 52. g4 Ra8
53. h6 Rh8 54. g5 Rg8 55. g6 Re8 56. g7 Rg8 57. Rb6+ Kc4 58. Rb8 Nd4 59. Rxg8
Kb3 60. Rb8+ Kxa3 61. g8=Q Nf3+ 62. Kg2 Nh4+ 63. Kf2 Nf5 64. Qg1 Ka2 65. Qb1+
Ka3 66. Qb2# {Hossa checkmated} 1-0

[Event "ICS rated blitz match"]
[Site "204.178.125.65"]
[Date "2000.11.14"]
[Round "?"]
[White "tatatu"]
[Black "Hossa"]
[Result "0-1"]
[WhiteElo "1985"]
[BlackElo "2623"]
[PlyCount "62"]
[EventDate "2000.??.??"]

1. c4 Nf6 2. Nc3 g6 3. e4 d6 4. g3 c5 5. Bg2 Bh6 6. Nge2 O-O 7. O-O Nc6 8. f4
Bg4 9. h3 Bc8 10. d3 Bd7 11. Be3 Qb6 12. Qd2 Nd4 13. g4 Bg7 14. g5 Nh5 15. Nd5
Qd8 16. Nxd4 cxd4 17. Bf2 e6 18. Nb4 f5 19. exf5 Rxf5 20. Bh4 Qb6 21. Be4 Rxf4
22. Rxf4 Nxf4 23. Qxf4 Qxb4 24. Qc1 Rf8 25. Qc2 b5 26. a3 Qc5 27. b4 Qc8 28. c5
e5 29. Rc1 Bxh3 30. Bd5+ Kh8 31. cxd6 Rf1+ {tatatu resigns} 0-1

[Event "ICS rated blitz match"]
[Site "204.178.125.65"]
[Date "2000.11.14"]
[Round "?"]
[White "Hossa"]
[Black "D-Zagorskis"]
[Result "1-0"]
[WhiteElo "2624"]
[BlackElo "2552"]
[PlyCount "101"]
[EventDate "2000.??.??"]

1. d4 Nf6 2. Bg5 d5 3. Bxf6 exf6 4. e3 Bd6 5. Bd3 f5 6. Nc3 c6 7. Qf3 g6 8.
O-O-O Nd7 9. Qe2 Nf6 10. h4 h5 11. Rf1 O-O 12. Nf3 Re8 13. Kb1 b5 14. Qd1 Bd7
15. Ne2 Kg7 16. Qd2 a5 17. Rd1 Ne4 18. Qe1 b4 19. Rf1 Qe7 20. Rg1 Reb8 21. Rh1
a4 22. Bxe4 fxe4 23. Nd2 Bf5 24. Qf1 a3 25. b3 c5 26. dxc5 Bxc5 27. Qe1 Rc8 28.
Nf1 Qe5 29. Nd4 Bd7 30. Ng3 Rc7 31. f4 exf3 32. gxf3 Rac8 33. Rh2 Bxd4 34. Rxd4
Rc3 35. Re2 Bf5 36. Nxf5+ Qxf5 37. Qf2 Qf6 38. Kc1 Rb8 39. Rxd5 Rxb3 40. cxb3
Qa1+ 41. Kd2 Qxa2+ 42. Ke1 Qxb3 43. Rd1 Ra8 44. Rc2 Qe6 45. e4 b3 46. Qd4+ Kh7
47. Rc7 b2 48. Qb4 Kg7 49. Rdd7 a2 50. Qxb2+ Kg8 51. Ra7 {D-Zagorskis resigns}
1-0

[Event "ICS rated blitz match"]
[Site "204.178.125.65"]
[Date "2000.11.14"]
[Round "?"]
[White "D-Zagorskis"]
[Black "Hossa"]
[Result "1-0"]
[WhiteElo "2539"]
[BlackElo "2637"]
[PlyCount "217"]
[EventDate "2000.??.??"]

1. Nf3 Nf6 2. b3 d5 3. Bb2 c6 4. e3 Bf5 5. d3 e6 6. Nbd2 Bb4 7. a3 Be7 8. Be2
h6 9. O-O O-O 10. h3 Nbd7 11. Qb1 Bd6 12. Rd1 Qe7 13. Qa2 e5 14. Nh2 Nc5 15.
Rac1 Bc7 16. Nhf1 Bg6 17. Qa1 b6 18. Re1 Rfe8 19. Red1 a5 20. Nf3 Nfd7 21. Ne1
a4 22. b4 Nb7 23. c4 d4 24. e4 Nd8 25. g3 f5 26. Bf3 fxe4 27. Bxe4 Bxe4 28.
dxe4 Rf8 29. Kg2 Nf6 30. f3 Ne6 31. h4 Qf7 32. Qb1 g5 33. hxg5 Nxg5 34. Qd3 Qh5
35. Rc2 Rad8 36. Bc1 Bd6 37. Bxg5 hxg5 38. g4 Qf7 39. Kg1 c5 40. b5 Bc7 41. Ng3
Qg6 42. Nf5 Kf7 43. Rh2 Ke8 44. Rdd2 Ra8 45. Rh6 Qf7 46. Rdh2 Kd7 47. Kf1 Rad8
48. Ke2 Ke8 49. Qc2 Ra8 50. Kd3 Rg8 51. Qg2 Kd7 52. R2h3 Rad8 53. Qh1 Kc8 54.
Rh8 Rxh8 55. Rxh8 Kb8 56. Qh6 Rxh8 57. Qxh8+ Ne8 58. Qh5 Qxh5 59. gxh5 Nf6 60.
h6 Kc8 61. Ke2 Kd7 62. Nd3 Ke6 63. Nb2 Kf7 64. Nxa4 Kg6 65. Nb2 Ng8 66. Kf2
Nxh6 67. Nxh6 Kxh6 68. Kg3 Kg7 69. Kg4 Kf6 70. Nd3 Bd8 71. Kh5 Ke6 72. Kg6 Bf6
73. a4 Be7 74. Kg7 Bd8 75. Kg6 g4 76. fxg4 Be7 77. g5 Bd6 78. Kg7 Be7 79. g6
Bg5 80. Kh7 Bf6 81. g7 Bxg7 82. Kxg7 Ke7 83. Kg6 Ke6 84. Kg5 Kd6 85. Kf5 Kc7
86. Kxe5 Kd7 87. Kd5 Kc7 88. e5 Kb8 89. e6 Kc8 90. Ne5 Kd8 91. Kc6 Ke7 92. Kxb6
Kxe6 93. Nd3 Kf5 94. a5 Kg4 95. Nxc5 d3 96. Kc6 d2 97. Ne4 d1=N 98. a6 Nb2 99.
a7 Nxc4 100. a8=Q Ne5+ 101. Kd5 Ng6 102. Qg8 Kh3 103. Ke6 Nf4+ 104. Kf5 Ne2
105. Qg4+ Kh2 106. Qxe2+ Kh1 107. Qf3+ Kg1 108. Qf2+ Kh1 109. Ng3# {
Hossa checkmated} 1-0

[Event "ICS rated blitz match"]
[Site "204.178.125.65"]
[Date "2000.11.14"]
[Round "?"]
[White "Hossa"]
[Black "Dorky"]
[Result "1-0"]
[WhiteElo "2617"]
[BlackElo "2389"]
[PlyCount "54"]
[EventDate "2000.??.??"]

1. d4 Nf6 2. Bg5 d5 3. Bxf6 exf6 4. e3 Be6 5. Nd2 c6 6. Bd3 f5 7. Ngf3 g6 8. c4
Bg7 9. cxd5 Bxd5 10. O-O h6 11. Bc4 O-O 12. Rc1 Re8 13. Qc2 Be4 14. Nxe4 fxe4
15. Nd2 Qe7 16. f3 b5 17. Bb3 exf3 18. Rxf3 Rf8 19. Qxg6 Kh8 20. Bxf7 a5 21.
Ne4 Nd7 22. Rxc6 Qh4 23. Rg3 Qxg3 24. Nxg3 Rxf7 25. Qxf7 Ne5 26. dxe5 Rf8 27.
Qe7 Kh7 {Dorky resigns} 1-0

[Event "ICS rated blitz match"]
[Site "204.178.125.65"]
[Date "2000.11.14"]
[Round "?"]
[White "Hossa"]
[Black "Esla"]
[Result "1-0"]
[WhiteElo "2624"]
[BlackElo "2186"]
[PlyCount "47"]
[EventDate "2000.??.??"]

1. d4 Nf6 2. c4 g6 3. g3 Bg7 4. Bg2 O-O 5. Nc3 c6 6. Nf3 d5 7. cxd5 cxd5 8. Bf4
Nc6 9. Rc1 Bf5 10. O-O h6 11. Ne5 Rc8 12. Qd2 Kh7 13. Nxc6 Rxc6 14. Be5 Ne4 15.
Nxe4 Rxc1 16. Rxc1 Bxe5 17. Nc5 Bf6 18. Nxb7 Qb6 19. Nc5 Rd8 20. b4 e5 21. dxe5
Bxe5 22. Bxd5 Qd6 23. Rd1 a5 24. Nb7 {Esla resigns} 1-0

[Event "ICS rated bullet match"]
[Site "204.178.125.65"]
[Date "2000.11.14"]
[Round "?"]
[White "Hossa"]
[Black "apatrid"]
[Result "1-0"]
[WhiteElo "2420"]
[BlackElo "1995"]
[PlyCount "65"]
[EventDate "2000.??.??"]

1. d4 Nf6 2. Bg5 e6 3. e4 h6 4. Bxf6 Qxf6 5. Nf3 d6 6. Nbd2 Qd8 7. Bd3 Be7 8.
Qe2 Nd7 9. O-O-O c6 10. Kb1 Qc7 11. g4 e5 12. dxe5 dxe5 13. Nf1 Nc5 14. Ne3
Nxd3 15. Qxd3 Be6 16. Nf5 Bxf5 17. exf5 Bf6 18. Qa3 Be7 19. Qc3 Bf6 20. Rhe1
O-O 21. Nxe5 Rad8 22. f4 Rfe8 23. Rd4 Rxd4 24. Qxd4 Qa5 25. c3 c5 26. Qd7 Re7
27. Qc8+ Kh7 28. Re4 c4 29. Qxc4 Bxe5 30. Qd3 Qc5 31. f6 gxf6 32. Rxe5+ Kg7 33.
Rxc5 {apatrid resigns} 1-0

[Event "ICS rated blitz match"]
[Site "204.178.125.65"]
[Date "2000.11.14"]
[Round "?"]
[White "Artemus-Z"]
[Black "Hossa"]
[Result "1/2-1/2"]
[WhiteElo "2457"]
[BlackElo "2626"]
[PlyCount "126"]
[EventDate "2000.??.??"]

1. e4 e5 2. Nf3 Nc6 3. Bb5 a6 4. Ba4 Nf6 5. O-O Be7 6. Re1 b5 7. Bb3 d6 8. c3
O-O 9. h3 Na5 10. Bc2 c5 11. d4 Qc7 12. Nbd2 Bd7 13. Nf1 Rfe8 14. Ne3 cxd4 15.
cxd4 Rec8 16. dxe5 dxe5 17. Bd2 Nc4 18. Nxc4 bxc4 19. Bc3 Bd6 20. Qd2 Qb8 21.
Rad1 Bc7 22. Qe3 Bd6 23. Re2 h6 24. Red2 Rc6 25. Ba4 Rb6 26. Bxd7 Nxd7 27. Qe2
Qf8 28. Qxc4 Rc8 29. Qe2 Qe7 30. Nh4 g6 31. Qg4 Kh7 32. Bxe5 Qxe5 33. Qxd7 Rc7
34. Nf3 Qxe4 35. Qd8 Bf4 36. Rd4 Qf5 37. g3 Be5 38. Nxe5 Qxe5 39. Rd5 Qe7 40.
Qxe7 Rxe7 41. b3 Re2 42. R5d2 Rbe6 43. Kf1 Rxd2 44. Rxd2 Kg7 45. f4 Re3 46. Kf2
Rc3 47. h4 Kg8 48. Kg2 Kf8 49. Re2 Kg7 50. g4 f5 51. gxf5 gxf5 52. Rd2 Kg6 53.
Rd6+ Kh5 54. Rxa6 Kxh4 55. Rxh6+ Kg4 56. Kf2 Kxf4 57. Re6 Kg4 58. Re3 Rxe3 59.
Kxe3 Kg3 60. Ke2 Kg2 61. Ke3 Kg3 62. Ke2 Kg2 63. Ke3 Kg3 {
Game drawn by repetition} 1/2-1/2

[Event "ICS rated bullet match"]
[Site "204.178.125.65"]
[Date "2000.11.14"]
[Round "?"]
[White "fmkiwi"]
[Black "Hossa"]
[Result "0-1"]
[WhiteElo "1964"]
[BlackElo "2423"]
[PlyCount "74"]
[EventDate "2000.??.??"]

1. e4 e5 2. Nf3 Nf6 3. Nxe5 d6 4. Nf3 Nxe4 5. d4 d5 6. Bd3 Bd6 7. O-O O-O 8. c4
Re8 9. Nc3 Nxc3 10. bxc3 dxc4 11. Bxc4 Be6 12. Bxe6 Rxe6 13. Qb3 Qc8 14. Ba3
Bxa3 15. Qxa3 Nd7 16. Rfe1 Nb6 17. Ne5 Qf8 18. Qb3 Rae8 19. Kf1 Qe7 20. Nf3 Qd6
21. Rxe6 Qxe6 22. Re1 Qc4+ 23. Qxc4 Rxe1+ 24. Nxe1 Nxc4 25. Ke2 g5 26. Kd3 b5
27. Nc2 a5 28. Ne3 Nxe3 29. Kxe3 f5 30. h3 Kf7 31. g4 Ke6 32. Kd3 fxg4 33. hxg4
Kd5 34. a3 a4 35. f3 c6 36. Kd2 Kc4 37. Kc2 h6 {fmkiwi resigns} 0-1

[Event "ICS rated blitz match"]
[Site "204.178.125.65"]
[Date "2000.11.14"]
[Round "?"]
[White "Pi"]
[Black "Hossa"]
[Result "1-0"]
[WhiteElo "2838"]
[BlackElo "2620"]
[PlyCount "113"]
[EventDate "2000.??.??"]

1. e4 e5 2. Nf3 Nc6 3. Bb5 a6 4. Ba4 Nf6 5. O-O Be7 6. Re1 b5 7. Bb3 d6 8. c3
O-O 9. h3 Na5 10. Bc2 c5 11. d4 Qc7 12. Nbd2 Bd7 13. Nf1 Rfe8 14. Ne3 cxd4 15.
cxd4 Rec8 16. Bd2 Nc6 17. dxe5 dxe5 18. Nd5 Nxd5 19. exd5 Nb4 20. Be4 Bd6 21.
Nxe5 Bxe5 22. Bxb4 Bh2+ 23. Kh1 Bd6 24. Qd4 a5 25. Bc3 Bf8 26. d6 Qb8 27. Bxa8
Qxa8 28. Qd3 Bc6 29. Qg3 Bd7 30. Rad1 b4 31. Bf6 Rc2 32. Re7 Qc6 33. Bxg7 Bxg7
34. Qf4 Qc4 35. Qxc4 Rxc4 36. Rxd7 Rc8 37. Re7 Rd8 38. d7 Bf6 39. Re8+ Kg7 40.
Rxd8 Bxd8 41. Re1 Bf6 42. Re8 Kg6 43. d8=Q Bxd8 44. Rxd8 a4 45. Rg8+ Kf6 46.
Rg4 a3 47. Rxb4 axb2 48. Rxb2 h5 49. a4 Ke5 50. a5 Kd4 51. Rb5 h4 52. a6 Kd3
53. a7 Kc2 54. a8=Q f6 55. Qa3 Kd1 56. Rb2 f5 57. Qa1# {Hossa checkmated} 1-0

[Event "ICS rated blitz match"]
[Site "204.178.125.65"]
[Date "2000.11.14"]
[Round "?"]
[White "Hossa"]
[Black "Pi"]
[Result "0-1"]
[WhiteElo "2613"]
[BlackElo "2845"]
[PlyCount "146"]
[EventDate "2000.??.??"]

1. d4 Nf6 2. Nf3 g6 3. Bf4 Bg7 4. e3 O-O 5. h3 d6 6. Nc3 Nh5 7. Bh2 c5 8. dxc5
dxc5 9. Bd3 Nc6 10. O-O Nb4 11. Be4 Qxd1 12. Rfxd1 Nf6 13. Bd3 Bd7 14. Rac1 Be6
15. Be5 Rfd8 16. b3 h6 17. Bc7 Rd7 18. Bg3 Nxd3 19. cxd3 Nh5 20. Be5 Rc8 21. g4
Nf6 22. Bxf6 exf6 23. Ne4 b6 24. Ng3 Rcd8 25. d4 Kf8 26. Kg2 Kg8 27. Rc2 Bf8
28. Ne4 Be7 29. Ng3 Bd5 30. e4 Bb7 31. d5 Bd6 32. Ne2 Bc7 33. Nd2 f5 34. gxf5
gxf5 35. f3 fxe4 36. fxe4 f5 37. Nc3 Rg7+ 38. Kf2 fxe4 39. Ncxe4 Rf7+ 40. Nf3
Bxd5 41. Rg1+ Kh7 42. Re2 Rdf8 43. Re3 Bf4 44. Ree1 Bh2 45. Rg2 Rxf3+ 46. Ke2
Rxh3 47. Rh1 Rh4 48. Rhxh2 Rxe4+ 49. Kd1 Rd4+ 50. Rd2 Be4 51. Ke1 Rfd8 52. Rde2
Kg6 53. Rh4 Rd1+ 54. Kf2 Rf8+ 55. Kg3 Rg1+ 56. Kh3 Rh1+ 57. Rh2 Rf3+ 58. Kg2
Rf4+ 59. Kg3 Rxh4 60. Rxh4 Rxh4 61. Kf2 Rh2+ 62. Ke3 Bd5 63. Kf4 Rxa2 64. Ke5
Bxb3 65. Ke4 Ra4+ 66. Ke5 h5 67. Kd6 c4 68. Kd5 c3+ 69. Kc6 c2 70. Kd6 c1=Q 71.
Kd7 Kf7 72. Kd6 Rd4+ 73. Ke5 Qc5# {Hossa checkmated} 0-1